LEADER 01357nam 2200397 450 001 9910715463903321 005 20220922133459.0 035 $a(CKB)5470000002511404 035 $a(OCoLC)1247118770 035 $a(EXLCZ)995470000002511404 100 $a20210422d2021 ua 0 101 0 $aeng 135 $aur||||||||||| 181 $ctxt$2rdacontent 182 $cc$2rdamedia 183 $acr$2rdacarrier 200 00$aAfter high school $etalking with your young adult about underage drinking 210 1$a[Rockville, Md.] :$cSubstance Abuse and Mental Health Services Administration,$d2021. 215 $a1 online resource (2 unnumbered pages) $ccolor illustrations 300 $a"Printed 2021"--Page 2. 300 $a"PEP21-03-10-001"--Page 2. 320 $aIncludes bibliographical references (page 2). 517 $aAfter high school 606 $aYouth$xAlcohol use$xPrevention 606 $aAlcoholism$xPrevention 606 $aParenting$xStudy and teaching 615 0$aYouth$xAlcohol use$xPrevention. 615 0$aAlcoholism$xPrevention. 615 0$aParenting$xStudy and teaching. 712 02$aUnited States.$bSubstance Abuse and Mental Health Services Administration, 801 0$bGPO 801 1$bGPO 906 $aBOOK 912 $a9910715463903321 996 $aAfter high school$93437108 997 $aUNINA